• 首页
  • 本馆介绍
  • 公告通知
  • 最新文献
  • 馆藏检索
  • 电子资源
  • 读者导购
  • 参考咨询
  • 我的图书馆
  • 登录
  • 详细信息显示
  • 放入我的书架
  • 预约/预借图书
  • 作者相关作品
  • 分类相关作品
  • 丛书相关作品
  • 出版社相关作品

书目信息

  • 表格格式
  • 工作单格式
  • 卡片格式
题名:
外部源致电离辐射的防护
    
 
作者: 陈常茂 译
分册:  
出版信息: 北京   原子能出版社  1981
页数: 183页
开本: 19cm
丛书名:
单 册:
中图分类: X591
科图分类:
主题词: 电离辐射-辐射防护 , 辐射防护-电离辐射 , 放射性污染 , 放射性污染--污染防治 , 放射性废物 , 放射性废物--污染防治
电子资源:
ISBN:
000 00949nam0 2200313 45
001 0181005462
005 20061126164044.28
010    @dCNY0.74
091    @aCN@b15175.333
100    @a19950531d1981 emky0chiy0121 ea
101 1  @achi@ceng
102    @aCN@b110000
105    @ay z 000yy
200 10 @a外部源致电离辐射的防护@Awai bu yuan zhi dian li fu she de fang hu@f陈常茂译
210    @a北京@c原子能出版社@d1981
215    @a183页@d19cm
300    @a书名原文:Protection against ionizing radiation from external sources.
510 1  @aProtection against ionizing radiation from external sources@zeng
606    @a电离辐射-辐射防护
606    @a辐射防护-电离辐射
606 0  @a放射性污染
606 0  @a放射性污染@x污染防治
606 0  @a放射性废物
606 0  @a放射性废物@x污染防治
690    @aX591@v3
701  0 @a陈常茂@Achen chang mao@4译
801  2 @aCN@bNLC@c20061126
801  0 @aCN@bTSSF
905    @a10447@dX591@e5
    
    外部源致电离辐射的防护/陈常茂译.-北京:原子能出版社,1981
    183页;19cm
    书名原文:Protection against ionizing radiation from external sources.
    
    ISBN :CNY0.74
    
●
相关链接 在E读中查询图书 在五车中查询图书 在当当中查询图书 在豆瓣中查询图书


正题名:外部源致电离辐射的防护     索取号:X591/5         预约/预借

序号 登录号 条形码 馆藏地/架位号 状态 备注
1 0056119   001486118   第二样本阅览室/ [索取号:X591/5] 在馆    
唐山师范学院图书馆 欢迎您!
大连网信软件有限公司© 版权所有